[Event "April 9 Late 2024"]
[Site "Chess.com"]
[Date "2024.04.09"]
[Round "2"]
[White "Melikhov, Evgeny V."]
[Black "Floresvillar Gonzalez, Luis Migu"]
[Result "1-0"]
[Board "181"]
[WhiteFideId "4122046"]
[BlackFideId "5100542"]
[WhiteTitle "FM"]
[BlackTitle "CM"]
[WhiteElo "2445"]
[BlackElo "2130"]
[WhiteTeam "GRE"]
[BlackTeam "MEX"]
[WhiteClock "0:00:28"]
[BlackClock "0:00:01"]
[Variant "Standard"]

1. d4 {[%clk 0:03:00]}  d5 {[%clk 0:02:52]} 2. c4 {[%clk 0:03:00]}  c6 {[%clk 0:02:52]} 3. Nc3 {[%clk 0:02:59]}  h6 {[%clk 0:02:52]} 4. e4 {[%clk 0:02:52]}  dxe4 {[%clk 0:02:50]} 5. Nxe4 {[%clk 0:02:52]}  Nf6 {[%clk 0:02:50]} 6. Nxf6+ {[%clk 0:02:52]}  exf6 {[%clk 0:02:50]} 7. Nf3 {[%clk 0:02:46]}  Bb4+ {[%clk 0:02:49]} 8. Bd2 {[%clk 0:02:45]}  Qe7+ {[%clk 0:02:45]} 9. Qe2 {[%clk 0:02:32]}  Bxd2+ {[%clk 0:02:40]} 10. Kxd2 {[%clk 0:02:22]}  Bg4 {[%clk 0:02:12]} 11. Qxe7+ {[%clk 0:02:08]}  Kxe7 {[%clk 0:02:11]} 12. Be2 {[%clk 0:02:08]}  Nd7 {[%clk 0:02:05]} 13. h3 {[%clk 0:02:07]}  Bf5 {[%clk 0:01:59]} 14. Rhe1 {[%clk 0:02:00]}  Kd6 {[%clk 0:02:00]} 15. Bd3 {[%clk 0:01:55]}  Bxd3 {[%clk 0:01:58]} 16. Kxd3 {[%clk 0:01:55]}  Rhe8 {[%clk 0:01:58]} 17. b4 {[%clk 0:01:53]}  b6 {[%clk 0:01:55]} 18. a3 {[%clk 0:01:29]}  Rad8 {[%clk 0:01:53]} 19. Re3 {[%clk 0:01:27]}  Rxe3+ {[%clk 0:01:52]} 20. fxe3 {[%clk 0:01:27]}  c5 {[%clk 0:01:48]} 21. dxc5+ {[%clk 0:01:18]}  bxc5 {[%clk 0:01:47]} 22. b5 {[%clk 0:01:16]}  Ne5+ {[%clk 0:01:36]} 23. Kc3 {[%clk 0:01:14]}  Nxf3 {[%clk 0:01:35]} 24. Rd1+ {[%clk 0:01:09]}  Nd4 {[%clk 0:00:56]} 25. exd4 {[%clk 0:01:09]}  Re8 {[%clk 0:00:56]} 26. dxc5+ {[%clk 0:01:05]}  Kxc5 {[%clk 0:00:56]} 27. Rd5+ {[%clk 0:01:02]}  Kb6 {[%clk 0:00:55]} 28. Kb4 {[%clk 0:00:57]}  Re2 {[%clk 0:00:53]} 29. c5+ {[%clk 0:00:53]}  Kc7 {[%clk 0:00:53]} 30. c6 {[%clk 0:00:50]}  Rxg2 {[%clk 0:00:39]} 31. Rd7+ {[%clk 0:00:50]}  Kc8 {[%clk 0:00:39]} 32. Rxa7 {[%clk 0:00:45]}  f5 {[%clk 0:00:25]} 33. b6 {[%clk 0:00:45]}  Rb2+ {[%clk 0:00:21]} 34. Kc5 {[%clk 0:00:42]}  Rc2+ {[%clk 0:00:20]} 35. Kd5 {[%clk 0:00:42]}  Rd2+ {[%clk 0:00:20]} 36. Ke5 {[%clk 0:00:40]}  Kd8 {[%clk 0:00:16]} 37. Ra8+ {[%clk 0:00:35]}  Ke7 {[%clk 0:00:15]} 38. b7 {[%clk 0:00:31]}  f6+ {[%clk 0:00:11]} 39. Kxf5 {[%clk 0:00:28]}  Rf2+ {[%clk 0:00:01]} 40. Ke4 {[%clk 0:00:28]} 1-0

[Event "April 9 Late 2024"]
[Site "Chess.com"]
[Date "2024.04.09"]
[Round "2"]
[White "Kovacevic, Radmila"]
[Black "Abdulla, Murad"]
[Result "0-1"]
[Board "182"]
[WhiteFideId "933171"]
[BlackFideId "2403757"]
[WhiteTitle "WFM"]
[BlackTitle "FM"]
[WhiteElo "2126"]
[BlackElo "2444"]
[WhiteTeam "SRB"]
[BlackTeam "SCO"]
[WhiteClock "0:00:06"]
[BlackClock "0:00:24"]
[Variant "Standard"]

1. e4 {[%clk 0:02:58]}  c5 {[%clk 0:02:56]} 2. Nf3 {[%clk 0:02:58]}  e6 {[%clk 0:02:55]} 3. d4 {[%clk 0:02:58]}  cxd4 {[%clk 0:02:55]} 4. Nxd4 {[%clk 0:02:59]}  Nf6 {[%clk 0:02:56]} 5. Nc3 {[%clk 0:02:59]}  Nc6 {[%clk 0:02:56]} 6. Be3 {[%clk 0:02:59]}  Bb4 {[%clk 0:02:49]} 7. Bd3 {[%clk 0:02:58]}  O-O {[%clk 0:02:46]} 8. O-O {[%clk 0:02:58]}  d5 {[%clk 0:02:41]} 9. Nxc6 {[%clk 0:02:55]}  bxc6 {[%clk 0:02:40]} 10. e5 {[%clk 0:02:55]}  Nd7 {[%clk 0:02:37]} 11. Qg4 {[%clk 0:02:45]}  Bxc3 {[%clk 0:02:20]} 12. bxc3 {[%clk 0:02:45]}  Nxe5 {[%clk 0:02:17]} 13. Bxh7+ {[%clk 0:02:44]}  Kxh7 {[%clk 0:02:14]} 14. Qh5+ {[%clk 0:02:43]}  Kg8 {[%clk 0:02:14]} 15. Qxe5 {[%clk 0:02:44]}  Ba6 {[%clk 0:02:10]} 16. Rfd1 {[%clk 0:02:36]}  Qf6 {[%clk 0:02:06]} 17. Qd6 {[%clk 0:02:27]}  Qxc3 {[%clk 0:02:01]} 18. Bd4 {[%clk 0:02:23]}  Qxc2 {[%clk 0:01:55]} 19. Rac1 {[%clk 0:02:19]}  Qg6 {[%clk 0:01:47]} 20. Rxc6 {[%clk 0:02:07]}  Bc4 {[%clk 0:01:46]} 21. Qe5 {[%clk 0:01:43]}  Rfc8 {[%clk 0:01:36]} 22. Rd6 {[%clk 0:01:34]}  Bxa2 {[%clk 0:01:28]} 23. h4 {[%clk 0:01:33]}  Re8 {[%clk 0:01:11]} 24. h5 {[%clk 0:01:29]}  f6 {[%clk 0:01:11]} 25. hxg6 {[%clk 0:01:18]}  fxe5 {[%clk 0:01:11]} 26. Bxe5 {[%clk 0:01:18]}  Re7 {[%clk 0:01:01]} 27. Ra1 {[%clk 0:01:14]}  Bc4 {[%clk 0:00:59]} 28. Ra3 {[%clk 0:01:10]}  a5 {[%clk 0:00:54]} 29. f4 {[%clk 0:00:49]}  a4 {[%clk 0:00:53]} 30. Rb6 {[%clk 0:00:41]}  Be2 {[%clk 0:00:24]} 31. Rb4 {[%clk 0:00:25]}  Bh5 {[%clk 0:00:20]} 32. Rbxa4 {[%clk 0:00:25]}  Rxa4 {[%clk 0:00:20]} 33. Rxa4 {[%clk 0:00:26]}  Bxg6 {[%clk 0:00:20]} 34. Ra8+ {[%clk 0:00:26]}  Kh7 {[%clk 0:00:20]} 35. Rd8 {[%clk 0:00:24]}  Bf5 {[%clk 0:00:20]} 36. Kf2 {[%clk 0:00:23]}  Rb7 {[%clk 0:00:19]} 37. g3 {[%clk 0:00:18]}  Ra7 {[%clk 0:00:19]} 38. Ke3 {[%clk 0:00:16]}  Ra3+ {[%clk 0:00:19]} 39. Kf2 {[%clk 0:00:16]}  Be4 {[%clk 0:00:19]} 40. Rd7 {[%clk 0:00:16]}  Rf3+ {[%clk 0:00:20]} 41. Ke2 {[%clk 0:00:15]}  Rxg3 {[%clk 0:00:20]} 42. Re7 {[%clk 0:00:12]}  Rg2+ {[%clk 0:00:20]} 43. Ke3 {[%clk 0:00:12]}  Bf5 {[%clk 0:00:20]} 44. Kd4 {[%clk 0:00:12]}  Kh6 {[%clk 0:00:19]} 45. Kc5 {[%clk 0:00:12]}  g6 {[%clk 0:00:19]} 46. Bg7+ {[%clk 0:00:11]}  Kh5 {[%clk 0:00:19]} 47. Bf6 {[%clk 0:00:12]}  Kg4 {[%clk 0:00:19]} 48. Bg5 {[%clk 0:00:12]}  Rc2+ {[%clk 0:00:18]} 49. Kd4 {[%clk 0:00:12]}  Kf3 {[%clk 0:00:19]} 50. Rb7 {[%clk 0:00:12]}  Rc4+ {[%clk 0:00:19]} 51. Ke5 {[%clk 0:00:12]}  Re4+ {[%clk 0:00:19]} 52. Kf6 {[%clk 0:00:12]}  d4 {[%clk 0:00:19]} 53. Rb3+ {[%clk 0:00:12]}  Re3 {[%clk 0:00:19]} 54. Rb4 {[%clk 0:00:12]}  d3 {[%clk 0:00:20]} 55. Rd4 {[%clk 0:00:10]}  Ke2 {[%clk 0:00:20]} 56. Bh4 {[%clk 0:00:09]}  d2 {[%clk 0:00:20]} 57. Kg5 {[%clk 0:00:07]}  d1=Q {[%clk 0:00:20]} 58. Rxd1 {[%clk 0:00:07]}  Kxd1 {[%clk 0:00:21]} 59. Kf6 {[%clk 0:00:07]}  Ke2 {[%clk 0:00:20]} 60. Bg5 {[%clk 0:00:08]}  Kf3 {[%clk 0:00:20]} 61. Kg7 {[%clk 0:00:08]}  Kg4 {[%clk 0:00:21]} 62. Kf6 {[%clk 0:00:08]}  Rf3 {[%clk 0:00:21]} 63. Ke5 {[%clk 0:00:08]}  Re3+ {[%clk 0:00:21]} 64. Kf6 {[%clk 0:00:08]}  Re4 {[%clk 0:00:22]} 65. Bh6 {[%clk 0:00:08]}  Rxf4 {[%clk 0:00:22]} 66. Bxf4 {[%clk 0:00:08]}  Kxf4 {[%clk 0:00:23]} 67. Ke7 {[%clk 0:00:06]}  g5 {[%clk 0:00:24]} 0-1

[Event "April 9 Late 2024"]
[Site "Chess.com"]
[Date "2024.04.09"]
[Round "2"]
[White "Rosenberg, Evan S"]
[Black "Qian, Ashley"]
[Result "0-1"]
[Board "185"]
[WhiteFideId "2019299"]
[BlackFideId "2636280"]
[BlackTitle "WCM"]
[WhiteElo "2440"]
[BlackElo "2112"]
[WhiteTeam "USA"]
[BlackTeam "CAN"]
[WhiteClock "0:00:00"]
[BlackClock "0:00:01"]
[Variant "Standard"]

1. d4 {[%clk 0:03:00]}  d5 {[%clk 0:02:58]} 2. Nf3 {[%clk 0:02:55]}  Nf6 {[%clk 0:02:53]} 3. c3 {[%clk 0:02:52]}  e6 {[%clk 0:02:44]} 4. Bg5 {[%clk 0:02:50]}  Be7 {[%clk 0:02:27]} 5. Nbd2 {[%clk 0:02:47]}  h6 {[%clk 0:02:27]} 6. Bxf6 {[%clk 0:02:42]}  Bxf6 {[%clk 0:02:26]} 7. e4 {[%clk 0:02:43]}  dxe4 {[%clk 0:02:23]} 8. Nxe4 {[%clk 0:02:43]}  Be7 {[%clk 0:02:23]} 9. Bd3 {[%clk 0:02:38]}  O-O {[%clk 0:01:36]} 10. Qe2 {[%clk 0:02:18]}  Nd7 {[%clk 0:01:26]} 11. O-O-O {[%clk 0:02:07]}  b6 {[%clk 0:01:19]} 12. Ne5 {[%clk 0:02:02]}  Bb7 {[%clk 0:00:40]} 13. f4 {[%clk 0:01:57]}  Qc8 {[%clk 0:00:32]} 14. Kb1 {[%clk 0:01:21]}  Nf6 {[%clk 0:00:28]} 15. Nxf6+ {[%clk 0:01:17]}  Bxf6 {[%clk 0:00:24]} 16. Rhg1 {[%clk 0:01:18]}  c5 {[%clk 0:00:09]} 17. dxc5 {[%clk 0:01:16]}  bxc5 {[%clk 0:00:08]} 18. g4 {[%clk 0:01:16]}  Qc7 {[%clk 0:00:07]} 19. g5 {[%clk 0:01:14]}  hxg5 {[%clk 0:00:07]} 20. Qh5 {[%clk 0:01:09]}  g6 {[%clk 0:00:08]} 21. Qe2 {[%clk 0:00:26]}  gxf4 {[%clk 0:00:06]} 22. Nxg6 {[%clk 0:00:23]}  fxg6 {[%clk 0:00:06]} 23. Rxg6+ {[%clk 0:00:23]}  Bg7 {[%clk 0:00:05]} 24. Rdg1 {[%clk 0:00:17]}  Rf7 {[%clk 0:00:04]} 25. Qxe6 {[%clk 0:00:09]}  Kf8 {[%clk 0:00:03]} 26. Qg4 {[%clk 0:00:00]}  Qd7 {[%clk 0:00:01]} 0-1

[Event "April 9 Late 2024"]
[Site "Chess.com"]
[Date "2024.04.09"]
[Round "2"]
[White "Mazurkiewicz, Michal"]
[Black "Oliveira, Tiago Batista"]
[Result "1-0"]
[Board "189"]
[WhiteFideId "1124943"]
[BlackFideId "2108291"]
[WhiteTitle "CM"]
[WhiteElo "2434"]
[BlackElo "2041"]
[WhiteTeam "POL"]
[BlackTeam "BRA"]
[WhiteClock "0:01:48"]
[BlackClock "0:00:46"]
[Variant "Standard"]

1. e4 {[%clk 0:03:00]}  e5 {[%clk 0:02:58]} 2. Nf3 {[%clk 0:03:00]}  Nc6 {[%clk 0:02:58]} 3. Bb5 {[%clk 0:03:00]}  a6 {[%clk 0:02:57]} 4. Bxc6 {[%clk 0:03:01]}  dxc6 {[%clk 0:02:57]} 5. O-O {[%clk 0:03:02]}  Bg4 {[%clk 0:02:57]} 6. h3 {[%clk 0:03:02]}  h5 {[%clk 0:02:54]} 7. d3 {[%clk 0:03:03]}  Qf6 {[%clk 0:02:51]} 8. Nbd2 {[%clk 0:03:03]}  Ne7 {[%clk 0:02:50]} 9. Re1 {[%clk 0:03:04]}  Ng6 {[%clk 0:02:48]} 10. d4 {[%clk 0:03:04]}  Bxf3 {[%clk 0:02:28]} 11. Nxf3 {[%clk 0:03:03]}  O-O-O {[%clk 0:02:27]} 12. Bg5 {[%clk 0:02:57]}  Qe6 {[%clk 0:02:18]} 13. Bxd8 {[%clk 0:02:56]}  Kxd8 {[%clk 0:02:17]} 14. Nxe5 {[%clk 0:02:50]}  Kc8 {[%clk 0:02:14]} 15. Nxg6 {[%clk 0:02:49]}  Qxg6 {[%clk 0:02:13]} 16. Qf3 {[%clk 0:02:48]}  Kb8 {[%clk 0:02:10]} 17. Qf5 {[%clk 0:02:47]}  Qd6 {[%clk 0:02:06]} 18. c3 {[%clk 0:02:47]}  Rh6 {[%clk 0:02:05]} 19. e5 {[%clk 0:02:47]}  Qe7 {[%clk 0:02:02]} 20. Re2 {[%clk 0:02:38]}  Rg6 {[%clk 0:02:02]} 21. Rae1 {[%clk 0:02:30]}  Rg5 {[%clk 0:01:54]} 22. Qf3 {[%clk 0:02:29]}  Qe6 {[%clk 0:01:52]} 23. b3 {[%clk 0:02:25]}  g6 {[%clk 0:01:45]} 24. c4 {[%clk 0:02:20]}  Rf5 {[%clk 0:01:44]} 25. Qe4 {[%clk 0:02:10]}  Bg7 {[%clk 0:01:36]} 26. d5 {[%clk 0:02:07]}  cxd5 {[%clk 0:01:36]} 27. cxd5 {[%clk 0:02:08]}  Qb6 {[%clk 0:01:37]} 28. e6 {[%clk 0:02:06]}  fxe6 {[%clk 0:01:22]} 29. dxe6 {[%clk 0:02:06]}  Bd4 {[%clk 0:00:57]} 30. Qxf5 {[%clk 0:01:50]}  gxf5 {[%clk 0:00:52]} 31. e7 {[%clk 0:01:49]}  Bxf2+ {[%clk 0:00:46]} 32. Rxf2 {[%clk 0:01:48]} 1-0

[Event "April 9 Late 2024"]
[Site "Chess.com"]
[Date "2024.04.09"]
[Round "2"]
[White "Winkels, Marcel"]
[Black "Hubbard, Andrew"]
[Result "0-1"]
[Board "191"]
[WhiteFideId "1003887"]
[BlackFideId "2031787"]
[WhiteTitle "CM"]
[BlackTitle "FM"]
[WhiteElo "2038"]
[BlackElo "2433"]
[WhiteTeam "NED"]
[BlackTeam "USA"]
[WhiteClock "0:00:00"]
[BlackClock "0:00:17"]
[Variant "Standard"]

1. e4 {[%clk 0:03:00]}  e6 {[%clk 0:03:00]} 2. d4 {[%clk 0:03:00]}  d5 {[%clk 0:03:00]} 3. Nc3 {[%clk 0:03:00]}  Nf6 {[%clk 0:03:00]} 4. Bg5 {[%clk 0:02:58]}  dxe4 {[%clk 0:02:59]} 5. Nxe4 {[%clk 0:02:58]}  Nbd7 {[%clk 0:03:00]} 6. Nf3 {[%clk 0:02:56]}  h6 {[%clk 0:03:00]} 7. Bxf6 {[%clk 0:02:54]}  Nxf6 {[%clk 0:03:01]} 8. Bd3 {[%clk 0:02:53]}  Bd7 {[%clk 0:02:56]} 9. O-O {[%clk 0:02:50]}  Bc6 {[%clk 0:02:56]} 10. Nxf6+ {[%clk 0:02:42]}  Qxf6 {[%clk 0:02:57]} 11. c3 {[%clk 0:02:42]}  Bxf3 {[%clk 0:02:42]} 12. Qxf3 {[%clk 0:02:41]}  Qxf3 {[%clk 0:02:42]} 13. gxf3 {[%clk 0:02:42]}  O-O-O {[%clk 0:02:41]} 14. Be4 {[%clk 0:02:41]}  Bd6 {[%clk 0:02:35]} 15. Rfd1 {[%clk 0:02:39]}  c6 {[%clk 0:02:29]} 16. a3 {[%clk 0:02:36]}  h5 {[%clk 0:02:27]} 17. b4 {[%clk 0:02:27]}  h4 {[%clk 0:02:26]} 18. h3 {[%clk 0:02:25]}  Rh5 {[%clk 0:02:26]} 19. Kh1 {[%clk 0:02:10]}  g6 {[%clk 0:02:09]} 20. Rg1 {[%clk 0:02:07]}  Bf4 {[%clk 0:02:06]} 21. Ra2 {[%clk 0:02:01]}  Kc7 {[%clk 0:02:02]} 22. a4 {[%clk 0:02:00]}  Bh6 {[%clk 0:01:46]} 23. Rb1 {[%clk 0:01:50]}  Bg7 {[%clk 0:01:44]} 24. b5 {[%clk 0:01:47]}  c5 {[%clk 0:01:43]} 25. dxc5 {[%clk 0:01:41]}  Rxc5 {[%clk 0:01:42]} 26. Ra3 {[%clk 0:01:23]}  Bxc3 {[%clk 0:01:35]} 27. Rc1 {[%clk 0:01:21]}  Bb4 {[%clk 0:01:33]} 28. Rxc5+ {[%clk 0:01:17]}  Bxc5 {[%clk 0:01:34]} 29. Rc3 {[%clk 0:01:16]}  b6 {[%clk 0:01:33]} 30. Rc2 {[%clk 0:01:15]}  Rd4 {[%clk 0:01:29]} 31. Rc1 {[%clk 0:01:09]}  Rxa4 {[%clk 0:01:27]} 32. Rd1 {[%clk 0:01:08]}  Bxf2 {[%clk 0:01:21]} 33. Bc6 {[%clk 0:01:07]}  Rd4 {[%clk 0:01:19]} 34. Rxd4 {[%clk 0:01:05]}  Bxd4 {[%clk 0:01:19]} 35. Be8 {[%clk 0:01:05]}  g5 {[%clk 0:01:14]} 36. Bxf7 {[%clk 0:01:04]}  e5 {[%clk 0:01:14]} 37. Bd5 {[%clk 0:01:02]}  Kd6 {[%clk 0:01:12]} 38. Be4 {[%clk 0:00:53]}  Kc5 {[%clk 0:01:11]} 39. Bd3 {[%clk 0:00:51]}  Bc3 {[%clk 0:01:00]} 40. Kg2 {[%clk 0:00:48]}  Kd4 {[%clk 0:00:59]} 41. Be4 {[%clk 0:00:42]}  Kc4 {[%clk 0:00:58]} 42. Bc6 {[%clk 0:00:41]}  Kc5 {[%clk 0:00:54]} 43. Be8 {[%clk 0:00:39]}  Kd4 {[%clk 0:00:49]} 44. Kf2 {[%clk 0:00:38]}  e4 {[%clk 0:00:40]} 45. fxe4 {[%clk 0:00:37]}  Kxe4 {[%clk 0:00:41]} 46. Bd7 {[%clk 0:00:32]}  Bd4+ {[%clk 0:00:39]} 47. Ke2 {[%clk 0:00:32]}  Bc5 {[%clk 0:00:33]} 48. Kd2 {[%clk 0:00:31]}  Kd4 {[%clk 0:00:32]} 49. Kc2 {[%clk 0:00:31]}  Bd6 {[%clk 0:00:32]} 50. Kb3 {[%clk 0:00:29]}  Kd3 {[%clk 0:00:30]} 51. Be6 {[%clk 0:00:27]}  Kd4 {[%clk 0:00:28]} 52. Bd7 {[%clk 0:00:26]}  Kc5 {[%clk 0:00:28]} 53. Be8 {[%clk 0:00:25]}  g4 {[%clk 0:00:21]} 54. hxg4 {[%clk 0:00:25]}  h3 {[%clk 0:00:20]} 55. Bc6 {[%clk 0:00:24]}  a5 {[%clk 0:00:20]} 56. g5 {[%clk 0:00:21]}  Be5 {[%clk 0:00:20]} 57. g6 {[%clk 0:00:20]}  Bg7 {[%clk 0:00:19]} 58. Ka4 {[%clk 0:00:19]}  Kc4 {[%clk 0:00:18]} 59. Bb7 {[%clk 0:00:19]}  h2 {[%clk 0:00:18]} 60. Bc6 {[%clk 0:00:19]}  Kd3 {[%clk 0:00:17]} 61. Kb3 {[%clk 0:00:18]}  Ke2 {[%clk 0:00:17]} 62. Kc4 {[%clk 0:00:18]}  Kf2 {[%clk 0:00:17]} 63. Kd3 {[%clk 0:00:15]}  Kg1 {[%clk 0:00:16]} 64. Bd5 {[%clk 0:00:13]}  h1=Q {[%clk 0:00:16]} 65. Bxh1 {[%clk 0:00:13]}  Kxh1 {[%clk 0:00:16]} 66. Kc4 {[%clk 0:00:13]}  Kg2 {[%clk 0:00:16]} 67. Kb3 {[%clk 0:00:13]}  Kf3 {[%clk 0:00:16]} 68. Ka4 {[%clk 0:00:13]}  Ke4 {[%clk 0:00:16]} 69. Kb3 {[%clk 0:00:13]}  Kd5 {[%clk 0:00:16]} 70. Ka4 {[%clk 0:00:12]}  Kc4 {[%clk 0:00:16]} 71. Ka3 {[%clk 0:00:12]}  Kxb5 {[%clk 0:00:16]} 72. Kb3 {[%clk 0:00:13]}  a4+ {[%clk 0:00:16]} 73. Ka3 {[%clk 0:00:13]}  Ka5 {[%clk 0:00:16]} 74. Ka2 {[%clk 0:00:12]}  Kb4 {[%clk 0:00:16]} 75. Kb1 {[%clk 0:00:00]}  Kb3 {[%clk 0:00:17]} 0-1

[Event "April 9 Late 2024"]
[Site "Chess.com"]
[Date "2024.04.09"]
[Round "2"]
[White "Padmini, Rout"]
[Black "Saim, Mohamed Ilias"]
[Result "1-0"]
[Board "192"]
[WhiteFideId "5029295"]
[BlackFideId "7900465"]
[WhiteTitle "IM"]
[BlackTitle "FM"]
[WhiteElo "2432"]
[BlackElo "2026"]
[WhiteTeam "IND"]
[BlackTeam "ALG"]
[WhiteClock "0:01:13"]
[BlackClock "0:02:15"]
[Variant "Standard"]

1. e4 {[%clk 0:03:00]}  c5 {[%clk 0:03:00]} 2. Nf3 {[%clk 0:02:56]}  a6 {[%clk 0:03:01]} 3. c3 {[%clk 0:02:56]}  d5 {[%clk 0:02:59]} 4. exd5 {[%clk 0:02:51]}  Qxd5 {[%clk 0:02:59]} 5. d4 {[%clk 0:02:51]}  f6 {[%clk 0:02:58]} 6. dxc5 {[%clk 0:02:48]}  Qxd1+ {[%clk 0:02:53]} 7. Kxd1 {[%clk 0:02:47]}  e5 {[%clk 0:02:54]} 8. b4 {[%clk 0:02:47]}  a5 {[%clk 0:02:54]} 9. Bb2 {[%clk 0:02:45]}  axb4 {[%clk 0:02:53]} 10. cxb4 {[%clk 0:02:45]}  Bg4 {[%clk 0:02:52]} 11. Nd2 {[%clk 0:02:44]}  Nc6 {[%clk 0:02:52]} 12. a3 {[%clk 0:02:43]}  Nd4 {[%clk 0:02:53]} 13. Bxd4 {[%clk 0:02:33]}  exd4 {[%clk 0:02:54]} 14. Bb5+ {[%clk 0:02:33]}  Kf7 {[%clk 0:02:53]} 15. Kc2 {[%clk 0:02:33]}  Rd8 {[%clk 0:02:51]} 16. Nb3 {[%clk 0:02:28]}  Bxf3 {[%clk 0:02:51]} 17. gxf3 {[%clk 0:02:29]}  Ne7 {[%clk 0:02:50]} 18. Bc4+ {[%clk 0:02:18]}  Kg6 {[%clk 0:02:46]} 19. Rad1 {[%clk 0:02:13]}  Nc6 {[%clk 0:02:46]} 20. Bb5 {[%clk 0:02:03]}  Ne5 {[%clk 0:02:44]} 21. f4 {[%clk 0:02:00]}  d3+ {[%clk 0:02:45]} 22. Bxd3+ {[%clk 0:01:58]}  Nxd3 {[%clk 0:02:42]} 23. Rxd3 {[%clk 0:01:59]}  Be7 {[%clk 0:02:42]} 24. Rg1+ {[%clk 0:01:55]}  Kf5 {[%clk 0:02:41]} 25. Nd4+ {[%clk 0:01:49]}  Kxf4 {[%clk 0:02:40]} 26. Ne6+ {[%clk 0:01:45]}  Ke4 {[%clk 0:02:39]} 27. Re3+ {[%clk 0:01:13]}  Kd5 {[%clk 0:02:15]} 1-0

[Event "April 9 Late 2024"]
[Site "Chess.com"]
[Date "2024.04.09"]
[Round "2"]
[White "Reinecke, Katharina"]
[Black "Lach, Aleksandra"]
[Result "1-0"]
[Board "193"]
[WhiteFideId "12929727"]
[BlackFideId "1134299"]
[WhiteTitle "WCM"]
[BlackTitle "WIM"]
[WhiteElo "2013"]
[BlackElo "2431"]
[WhiteTeam "GER"]
[BlackTeam "POL"]
[WhiteClock "0:00:29"]
[BlackClock "0:00:52"]
[Variant "Standard"]

1. e4 {[%clk 0:03:00]}  e5 {[%clk 0:02:50]} 2. Nc3 {[%clk 0:02:53]}  Nc6 {[%clk 0:02:37]} 3. Bc4 {[%clk 0:02:49]}  Nf6 {[%clk 0:02:36]} 4. d3 {[%clk 0:02:46]}  Na5 {[%clk 0:02:29]} 5. Nge2 {[%clk 0:02:37]}  Nxc4 {[%clk 0:02:28]} 6. dxc4 {[%clk 0:02:37]}  Bc5 {[%clk 0:02:28]} 7. O-O {[%clk 0:02:36]}  O-O {[%clk 0:02:23]} 8. Kh1 {[%clk 0:02:36]}  h6 {[%clk 0:02:19]} 9. f3 {[%clk 0:02:31]}  c6 {[%clk 0:02:17]} 10. a3 {[%clk 0:02:24]}  a6 {[%clk 0:02:17]} 11. b4 {[%clk 0:02:24]}  Ba7 {[%clk 0:02:13]} 12. c5 {[%clk 0:02:17]}  Bb8 {[%clk 0:02:11]} 13. Ng3 {[%clk 0:02:00]}  d6 {[%clk 0:02:06]} 14. cxd6 {[%clk 0:01:58]}  Bxd6 {[%clk 0:02:06]} 15. Nf5 {[%clk 0:01:42]}  Bxf5 {[%clk 0:02:05]} 16. exf5 {[%clk 0:01:42]}  Qd7 {[%clk 0:02:01]} 17. Ne4 {[%clk 0:01:35]}  Nxe4 {[%clk 0:01:46]} 18. fxe4 {[%clk 0:01:34]}  f6 {[%clk 0:01:44]} 19. Qg4 {[%clk 0:01:29]}  Kh8 {[%clk 0:01:29]} 20. Be3 {[%clk 0:01:20]}  Qe7 {[%clk 0:01:25]} 21. Rf3 {[%clk 0:01:16]}  c5 {[%clk 0:01:18]} 22. Rh3 {[%clk 0:01:08]}  Rf7 {[%clk 0:01:18]} 23. Qg6 {[%clk 0:00:43]}  cxb4 {[%clk 0:01:14]} 24. Bxh6 {[%clk 0:00:36]}  gxh6 {[%clk 0:01:08]} 25. Rxh6+ {[%clk 0:00:36]}  Rh7 {[%clk 0:01:08]} 26. Rxh7+ {[%clk 0:00:32]}  Qxh7 {[%clk 0:01:09]} 27. Qxf6+ {[%clk 0:00:32]}  Qg7 {[%clk 0:01:05]} 28. Qxd6 {[%clk 0:00:32]}  bxa3 {[%clk 0:00:52]} 29. Rxa3 {[%clk 0:00:29]} 1-0

[Event "April 9 Late 2024"]
[Site "Chess.com"]
[Date "2024.04.09"]
[Round "2"]
[White "Sroczynski, Maciej"]
[Black "Lutz, Igor Oscar"]
[Result "1-0"]
[Board "196"]
[WhiteFideId "1121472"]
[BlackFideId "2110806"]
[WhiteTitle "FM"]
[WhiteElo "2423"]
[BlackElo "1972"]
[WhiteTeam "POL"]
[BlackTeam "BRA"]
[WhiteClock "0:00:31"]
[BlackClock "0:00:00"]
[Variant "Standard"]

1. e4 {[%clk 0:02:57]}  c5 {[%clk 0:03:00]} 2. Nf3 {[%clk 0:02:56]}  Nc6 {[%clk 0:03:00]} 3. Bb5 {[%clk 0:02:53]}  d6 {[%clk 0:03:00]} 4. O-O {[%clk 0:02:52]}  Nf6 {[%clk 0:02:58]} 5. Re1 {[%clk 0:02:52]}  Bg4 {[%clk 0:02:55]} 6. h3 {[%clk 0:02:51]}  Bxf3 {[%clk 0:02:50]} 7. Qxf3 {[%clk 0:02:50]}  e5 {[%clk 0:02:51]} 8. c3 {[%clk 0:02:47]}  a6 {[%clk 0:02:33]} 9. Bc4 {[%clk 0:02:40]}  b5 {[%clk 0:02:31]} 10. Bf1 {[%clk 0:02:37]}  Be7 {[%clk 0:02:30]} 11. d3 {[%clk 0:02:37]}  O-O {[%clk 0:02:29]} 12. Bg5 {[%clk 0:02:20]}  Nd7 {[%clk 0:02:29]} 13. Be3 {[%clk 0:02:13]}  Rb8 {[%clk 0:02:06]} 14. Nd2 {[%clk 0:02:10]}  Bg5 {[%clk 0:02:06]} 15. g3 {[%clk 0:02:07]}  Bxe3 {[%clk 0:02:04]} 16. fxe3 {[%clk 0:02:06]}  Qg5 {[%clk 0:01:56]} 17. Bg2 {[%clk 0:02:04]}  Ne7 {[%clk 0:01:46]} 18. g4 {[%clk 0:01:53]}  Ng6 {[%clk 0:01:34]} 19. Qg3 {[%clk 0:01:53]}  Nh4 {[%clk 0:01:28]} 20. Rf1 {[%clk 0:01:49]}  g6 {[%clk 0:01:25]} 21. Rf2 {[%clk 0:01:42]}  f5 {[%clk 0:01:22]} 22. exf5 {[%clk 0:01:39]}  gxf5 {[%clk 0:01:20]} 23. Raf1 {[%clk 0:01:33]}  fxg4 {[%clk 0:01:13]} 24. Qxg4 {[%clk 0:01:22]}  Qxg4 {[%clk 0:01:08]} 25. hxg4 {[%clk 0:01:23]}  Nxg2 {[%clk 0:01:04]} 26. Kxg2 {[%clk 0:01:23]}  Rxf2+ {[%clk 0:01:04]} 27. Rxf2 {[%clk 0:01:21]}  Rf8 {[%clk 0:00:48]} 28. e4 {[%clk 0:01:19]}  Kg7 {[%clk 0:00:43]} 29. Nf3 {[%clk 0:01:16]}  Rf4 {[%clk 0:00:39]} 30. Nh2 {[%clk 0:01:05]}  Rxf2+ {[%clk 0:00:35]} 31. Kxf2 {[%clk 0:01:06]}  Nf6 {[%clk 0:00:35]} 32. Kg3 {[%clk 0:01:06]}  Kg6 {[%clk 0:00:31]} 33. Kh4 {[%clk 0:01:03]}  a5 {[%clk 0:00:27]} 34. Nf3 {[%clk 0:01:01]}  b4 {[%clk 0:00:25]} 35. Nd2 {[%clk 0:00:51]}  h6 {[%clk 0:00:20]} 36. Nc4 {[%clk 0:00:49]}  a4 {[%clk 0:00:15]} 37. cxb4 {[%clk 0:00:47]}  cxb4 {[%clk 0:00:13]} 38. Nxd6 {[%clk 0:00:47]}  a3 {[%clk 0:00:10]} 39. bxa3 {[%clk 0:00:44]}  bxa3 {[%clk 0:00:10]} 40. Nc4 {[%clk 0:00:45]}  Nd7 {[%clk 0:00:09]} 41. Nxa3 {[%clk 0:00:43]}  Nc5 {[%clk 0:00:10]} 42. Nc4 {[%clk 0:00:38]}  Nxd3 {[%clk 0:00:10]} 43. a4 {[%clk 0:00:38]}  Kf6 {[%clk 0:00:08]} 44. Kh5 {[%clk 0:00:37]}  Nc5 {[%clk 0:00:08]} 45. Kxh6 {[%clk 0:00:32]}  Nxa4 {[%clk 0:00:07]} 46. g5+ {[%clk 0:00:32]}  Ke6 {[%clk 0:00:04]} 47. g6 {[%clk 0:00:32]}  Nc5 {[%clk 0:00:02]} 48. g7 {[%clk 0:00:31]}  Kf7 {[%clk 0:00:00]} 49. Nxe5+ {[%clk 0:00:31]} 1-0